000 00189nam a2200109Ia 4500
100 _a#N/A
942 _cBK
245 _aDIGIT Dec 2012
260 _b#N/A
546 _aENGLISH
999 _c21670
_d21670